00681nam a2200217 a 450000100060000000300080000600500170001400800410003102000150007203500190008703500120010604000220011804100080014008200270014810000520017524500810022726000520030830000340036050400300039465100390042444362BD-RjUL20211209053837.016717 s1970 nyub b 001 0 eng  a0801405890 a(BD-RjUL)44480 a1929362 aLCbengcLCdVMOU aeng04a320.9549223bWHP 19701 aWheeler, Richard S.q(Richard Seabrook),d1928-14aThe politics of Pakistan :ba constitutional quest /cby Richard S. Wheeler. aIthaca, N.Y. :bCornell University Press,c1970 axvi, 346 p. :bmaps.,c21 cm. aBibliography: p. 317-330. 0aPakistanxPolitics and government.